| 000 | 00511nam a2200193Ia 4500 | ||
|---|---|---|---|
| 005 | 20250508162611.0 | ||
| 008 | 008 250505s9999 xx 000 0 eng d | ||
| 037 | _aTextual | ||
| 040 |
_aFEDL _beng _cFEDL |
||
| 041 |
_aeng _2eng |
||
| 084 |
_a801, WEL _qFEDL |
||
| 100 | _aWellek Rene | ||
| 245 | 0 | _aTheory of literature | |
| 260 |
_aHarmondsworth _bPenguin Books Ltd _c1982 |
||
| 300 | _a374p | ||
| 700 |
_a Warren Austin _9773559 |
||
| 942 |
_cTEXL _h801, WEL |
||
| 999 |
_c1377564 _d1377564 |
||